00740cam a2200277 a 4500001001000000003000900010005001700019007000300036008004100039040002500080082001800105100001000123245001300133260007200146300002000218590002800238650001000266650001000276700001000286700001000296830001000306910000700316942001400323952010800337999001700445000018723DO-SdBNP20221018113251.0ta840213s0000 ag b 000 0 spa d aDO-SdBNPbspacBNPHU axxxbM262222 94041210aMalvinas aBuenos Aires, Argentina :bSecretaria de Cultura de Argentina,c19? a76 p. ;c21 cm. aInventariado, 2022 / DG 0940413 09404141 9404151 940416 0940417 aDG 2ddccLBS1 00102ddc56708GRaBNPHUbBNPHUcCTd2022-10-18l0oxxx M262p2022-4370r2022-10-18w2022-10-18yLBS1 c52562d52562